000
00226 a2200097 4500
001
13838
100
_a
Wilson J D
245
_a
What Heppens In Hal
260
_a
Cambridge
_b
Cambridge University Press
_c
090
_c
10816
_d
10816
942
_a
NUST-CAE
_c
M
_c
910
999
_c
248911
_d
248911